000 00169 a2200085 4500
001 78030
082 _a940.3 SCH
090 _c39355
_d39355
245 _aThe world in time
942 _aCAE NUST
_k940.3 SCH
999 _c313103
_d313103